000 00220 a2200097 4500
001 46734
100 _aWhitehouse
245 _aFighters in the sky
260 _aNew York
_bDuell sloan & fearce
_c
090 _c29828
_d29828
942 _aNUST-CAE
_cM
_c22033
999 _c281807
_d281807